• 首页
  • 本馆介绍
  • 公告通知
  • 最新文献
  • 馆藏检索
  • 电子资源
  • 读者导购
  • 参考咨询
  • 我的图书馆
  • 登录
  • 详细信息显示
  • 放入我的书架
  • 预约/预借图书
  • 作者相关作品
  • 分类相关作品
  • 丛书相关作品
  • 出版社相关作品

书目信息

  • 表格格式
  • 工作单格式
  • 卡片格式
题名:
图说西方绘画艺术
    
 
作者: 伊丽达 编著
分册:  
出版信息: 上海   上海三联书店  2008.09
页数: 248页
开本: 24cm
丛书名:
单 册:
中图分类: J209.5
科图分类:
主题词: 绘画史--西方国家 , 绘画史
电子资源:
ISBN: 978-7-5426-2805-3
000 00835nam0 2200253 450
001 010010018292
005 20130627095230.45
010    @a978-7-5426-2805-3@dCNY26.00
100    @a20080917d2008 em y0chiy0110 ea
101 0  @achi
102    @aCN@b310000
105    @aa z 000yy
106    @ar
200 1  @a图说西方绘画艺术@9tu shuo xi fang hui hua yi shu@f伊丽达[等]编著
210    @a上海@c上海三联书店@d2008.09
215    @a248页@c图@d24cm
304    @a编著还有:海韵,萨仁,谢伟华
330    @a本书展现了西方绘画从史前洞窟壁画到今天的“现代派”绘画的发展历程,系统地介绍了西方不同时期各具特色的绘画流派代表人物及他们留给人类的艺术瑰宝。
606 0  @a绘画史@y西方国家
606 0  @a绘画史
690    @aJ209.5@v4
701  0 @a伊丽达@9yi li da@4编著
801  0 @aCN@bRENTIAN@c20080917
905    @b546624-28@dJ209.5@e638@f5
    
    图说西方绘画艺术/伊丽达[等]编著.-上海:上海三联书店,2008.09
    248页:图;24cm
    
    
    ISBN 978-7-5426-2805-3:CNY26.00
    本书展现了西方绘画从史前洞窟壁画到今天的“现代派”绘画的发展历程,系统地介绍了西方不同时期各具特色的绘画流派代表人物及他们留给人类的艺术瑰宝。
●
相关链接 在E读中查询图书 在五车中查询图书 在当当中查询图书 在豆瓣中查询图书


正题名:图说西方绘画艺术     索取号:J209.5/638         预约/预借

序号 登录号 条形码 馆藏地/架位号 状态 备注
1 546624   205466244   第一样本阅览室/ [索取号:J209.5/638] 在馆    
2 546625   205466253   第一借阅区/ [索取号:J209.5/638] 在馆    
3 546626   205466262   第一借阅区/ [索取号:J209.5/638] 在馆    
4 546627   205466271   第一借阅区/ [索取号:J209.5/638] 在馆    
5 546628   205466280   密集书库-美术系/ [索取号:J209.5/638] 在馆    
欢迎您!
大连网信软件有限公司© 版权所有